000 00393pab a2200169 454500
008 180718b2001 xxu||||| |||| 00| 0 eng d
100 _aSimha, S.L.N.
245 _aHow to reform the RBI
260 _c2001
300 _ap.9
362 _a5 Jan
650 _aFinancial institutions - India
650 _aBanks - India
650 _aBanks
773 _aBusiness Standard
909 _a48696
999 _c48696
_d48696